Normal view MARC view
  • Anwar, Mah Rukh

Entry Personal Name

Number of records used in: 1

001 - CONTROL NUMBER

  • control field: 125923

003 - CONTROL NUMBER IDENTIFIER

  • control field: NUST

005 - DATE AND TIME OF LATEST TRANSACTION

  • control field: 20240920104649.0

008 - FIXED-LENGTH DATA ELEMENTS

  • fixed length control field: 240920|| aca||aabn | a|a d

040 ## - CATALOGING SOURCE

  • Original cataloging agency: NUST
  • Transcribing agency: NUST

100 ## - HEADING--PERSONAL NAME

  • Personal name: Anwar, Mah Rukh

670 ## - SOURCE DATA FOUND

  • Source citation: Work cat.: (NUST): Anwar, Mah Rukh, Integration of Assistive Technology in Existing Syllabus for Kids with Special Needs/
© 2023 Central Library, National University of Sciences and Technology. All Rights Reserved.